00287nam a2200109Ia 4500008004100000041000800041082002900049100001500078245003400093260004100127300000900168230411s9999 xx 000 0 und d aeng aAD/362.173078/PAI/B01220 aPai Pragna aEffective Hospital Management bNational Book DepotaNew Delhic2002 a186p